The noble scholar, jurist, historian


 His Excellency Dr. Abdul Wahhab bin Ibrahim Abu Sulaiman, may Allah have mercy on him.


 He was born in Umm Al-Qura in the year 1356 AH.

عيون المجالس / (Record no. 19)

MARC details
000 -LEADER
fixed length control field 02717cam a2200397 ia4500
003 - CONTROL NUMBER IDENTIFIER
control field SA-RiAUC
005 - DATE AND TIME OF LATEST TRANSACTION
control field 20240829152247.0
008 - FIXED-LENGTH DATA ELEMENTS--GENERAL INFORMATION
fixed length control field 240829s2000 su g 001 0 ara c
024 0# - OTHER STANDARD IDENTIFIER
Standard number or code 00000000292330
040 ## - CATALOGING SOURCE
Original cataloging agency SA-RiAUC
Language of cataloging ara
Transcribing agency SA-RiAUC
Modifying agency KAC
Description conventions rda
050 #4 - LIBRARY OF CONGRESS CALL NUMBER
Item number . Q32 2000
082 04 - DEWEY DECIMAL CLASSIFICATION NUMBER
Classification number 258.2
Assigning agency SA-RiAUC
082 04 - DEWEY DECIMAL CLASSIFICATION NUMBER
Classification number 258.2
084 ## - OTHER CLASSIFICATION NUMBER
Classification number 272
090 ## - LOCALLY ASSIGNED LC-TYPE CALL NUMBER (OCLC); LOCAL CALL NUMBER (RLIN)
Classification number (OCLC) (R) ; Classification number, CALL (RLIN) (NR) 258.2
Local cutter number (OCLC) ; Book number/undivided call number, CALL (RLIN) ق ا ض
092 ## - LOCALLY ASSIGNED DEWEY CALL NUMBER (OCLC)
Classification number 258.2
100 ## - MAIN ENTRY--PERSONAL NAME
Personal name القاضي عبد الوهاب، عبد الوهاب بن علي بن نصر،
Dates associated with a name 362-422 هجري
Relator term مؤلف.
9 (RLIN) 35
245 10 - TITLE STATEMENT
Title عيون المجالس /
Statement of responsibility, etc. اختصار للقاضي عبد الوهاب بن علي بن نصر البغدادي المالكي ؛ تحقيق ودراسة أمباي بن كيبا كاه.
250 ## - EDITION STATEMENT
Edition statement الطبعة الأولى.
264 #1 - PRODUCTION, PUBLICATION, DISTRIBUTION, MANUFACTURE, AND COPYRIGHT NOTICE
Place of production, publication, distribution, manufacture الرياض :
Name of producer, publisher, distributor, manufacturer مكتبة الرشد للنشر والتوزيع،
Date of production, publication, distribution, manufacture, or copyright notice 2000
300 ## - PHYSICAL DESCRIPTION
Extent 5 مجلد ؛
Dimensions 24 ×17 سم
336 ## - CONTENT TYPE
Content type term نص
Content type code txt
Source rdacontent
Materials specified كتاب
337 ## - MEDIA TYPE
Media type term بدون وسيط
Media type code n
Source rdamedia
338 ## - CARRIER TYPE
Carrier type term مجلد
Carrier type code nc
Source rdacarrier
500 ## - GENERAL NOTE
General note الأصل أطروحة ماجستير-الجامعة الإسلامية، المدينة المنورة.
500 ## - GENERAL NOTE
General note يشتمل على كشافات.
504 ## - BIBLIOGRAPHY, ETC. NOTE
Bibliography, etc. note يشتمل على إرجاعات ببليوجرافية.
505 0# - FORMATTED CONTENTS NOTE
Formatted contents note المحتويات : المجلد 1. أهمية الفقه-شكر وتقدير-سبب الاختيار-عرض اجمالي لحظة البحث-الفصل الأول : ترجمة المؤلف، المبحث الأول : عصر المؤلف، المبحث الثاني : اسمه ونسبه وكنيته، المبحث الثالث : حياته ورحلاته، المبحث الرابع : شيوخه وتلاميذه ... -الفصل الثاني : ترجمة موجزة للقاضي ابن قضار، المبحث الأول : اسمه ونسبه وكنيته، المبحث الثاني : حياته ورحلاته، المبحث الثالث : شيوخه وتلاميذه ... -الفصل الثالث : دراسة الكتاب ... وموضوعات أخرى.
650 #0 - SUBJECT ADDED ENTRY--TOPICAL TERM
Topical term or geographic name entry element الفقه المالكي
Source of heading or term aucsh
9 (RLIN) 5
650 #0 - SUBJECT ADDED ENTRY--TOPICAL TERM
Topical term or geographic name entry element الفقه الاسلامي
General subdivision مذاهب
Source of heading or term aucsh
9 (RLIN) 3
700 ## - ADDED ENTRY--PERSONAL NAME
Personal name كاه، أمباي بن كيبا
Relator term محقق.
9 (RLIN) 36
700 #2 - ADDED ENTRY--PERSONAL NAME
Personal name القاضي عبد الوهاب، عبد الوهاب بن علي بن نصر،
Relationship information تحقيق لـ (عمل) :
Dates associated with a name 362-422 هجري.
Title of a work عيون المجالس
9 (RLIN) 35
700 #2 - ADDED ENTRY--PERSONAL NAME
Personal name القصار، علي بن محمد بن عمر،
Relationship information اختصار لـ (عمل) :
Dates associated with a name حوالي 297-397 هجري.
Title of a work عيون الأدلة في مسائل الخلاف بين فقهاء الأمصار
9 (RLIN) 37
942 ## - ADDED ENTRY ELEMENTS (KOHA)
Source of classification or shelving scheme Dewey Decimal Classification
Koha item type Books
949 ## - LOCAL PROCESSING INFORMATION (OCLC)
a SA-JeALM
d 240829
u mohamedma123
n 1
Holdings
Withdrawn status Lost status Source of classification or shelving scheme Materials specified (bound volume or other part) Damaged status Not for loan Home library Current library Date acquired Total checkouts Full call number Barcode Date last seen Price effective from Koha item type
    Dewey Decimal Classification الجزء الرابع     DR AbdElwahab Library DR AbdElwahab Library 08/29/2024   258.2 ق ا ض 000000026 08/29/2024 08/29/2024 Books
    Dewey Decimal Classification الجزء الخامس     DR AbdElwahab Library DR AbdElwahab Library 08/29/2024   258.2 ق ا ض 000000027 08/29/2024 08/29/2024 Books
    Dewey Decimal Classification الجزء الأول     DR AbdElwahab Library DR AbdElwahab Library 12/31/2024   258.2 ق ا ض 000006566 12/31/2024 12/31/2024 Books
    Dewey Decimal Classification الجزء الثاني     DR AbdElwahab Library DR AbdElwahab Library 12/31/2024   258.2 ق ا ض 000006567 12/31/2024 12/31/2024 Books
    Dewey Decimal Classification الجزء الثالث     DR AbdElwahab Library DR AbdElwahab Library 12/31/2024   258.2 ق ا ض 000006568 12/31/2024 12/31/2024 Books